[Event "Lindores Abbey Tal Blitz 2021"]
[Site "Riga"]
[Date "2021.11.08"]
[Round "18.55"]
[White "Melia, Salome"]
[Black "Eizaguerri Floris, Maria"]
[Result "1-0"]
[WhiteElo "2371"]
[BlackElo "2328"]
[Annotator "ChessBase"]
[PlyCount "114"]
[EventDate "2021.11.02"]
[EventType "swiss"]
[EventCountry "LAT"]
[SourceTitle "playchess.com"]
[Source "ChessBase"]
[SourceQuality "1"]

1. e4 c5 2. Nf3 e6 3. d4 cxd4 4. Nxd4 Nc6 5. Nc3 a6 6. Be3 Nf6 7. f4 Bb4 8. Bd3
d5 9. e5 Nd7 10. a3 Bc5 11. Nce2 Nxd4 12. Nxd4 Qb6 13. Be2 Qxb2 14. O-O Qb6 15.
a4 Qc7 16. c3 b6 17. Bd3 Bb7 18. Qg4 g6 19. Kh1 Be7 20. Rac1 Nc5 21. Bc2 Bc6
22. Ra1 h5 23. Qe2 h4 24. h3 Bb7 25. Rfc1 Rc8 26. Nf3 a5 27. Bd3 Nb3 28. Bb5+
Kf8 29. Rab1 Nxc1 30. Rxc1 Bc5 31. Nd4 Kg7 32. Bf2 Be7 33. Qg4 Qd8 34. f5 exf5
35. Nxf5+ Kg8 36. Nxe7+ Qxe7 37. Bd4 Qe6 38. Qf4 Bc6 39. Ba6 Rb8 40. Rf1 Rh5
41. Bd3 b5 42. Qe3 bxa4 43. Rf6 Qe8 44. e6 Rb7 45. Qf4 Rh7 46. Qe5 Bb5 47.
exf7+ Rbxf7 48. Rxg6+ Kf8 49. Bc5+ Re7 50. Rf6+ Rhf7 51. Bg6 Qd7 52. Rxf7+ Ke8
53. Rxe7+ Kd8 54. Rxd7+ Kxd7 55. Qd6+ Kc8 56. Bf5+ Kb7 57. Qb6+ Ka8 1-0

[Event "Lindores Abbey Tal Blitz 2021"]
[Site "Riga"]
[Date "2021.11.08"]
[Round "18.56"]
[White "Badelka, Olga"]
[Black "Martynov, Aleksandr"]
[Result "1/2-1/2"]
[WhiteElo "2438"]
[BlackElo "1648"]
[Annotator "ChessBase"]
[PlyCount "106"]
[EventDate "2021.11.02"]
[EventType "swiss"]
[EventCountry "LAT"]
[SourceTitle "playchess.com"]
[Source "ChessBase"]
[SourceQuality "1"]

1. c4 Nf6 2. Nc3 d6 3. d4 g6 4. e4 Bg7 5. Be2 O-O 6. h4 h5 7. Bg5 c5 8. d5 a6
9. a4 Qa5 10. Kf1 Nbd7 11. Nf3 Re8 12. Qd2 b5 13. cxb5 axb5 14. Bxb5 Ba6 15.
Bxa6 Qxa6+ 16. Qe2 Qb6 17. g3 Reb8 18. Nb5 c4 19. Kg2 Nc5 20. Bxf6 Bxf6 21.
Qxc4 Bxb2 22. Ra2 Rxa4 23. Rxa4 Nxa4 24. Qxa4 Qxb5 25. Qxb5 Rxb5 26. Rb1 Rb4
27. Kf1 Bc3 28. Rxb4 Bxb4 29. Ke2 Kg7 30. Nd4 Bc5 31. Nc6 Kf8 32. f4 Ke8 33.
Kf3 Kd7 34. g4 hxg4+ 35. Kxg4 Ba3 36. Nd4 Bb2 37. Nf3 Ke8 38. f5 Bf6 39. fxg6
fxg6 40. Ne1 Kf7 41. Ng2 e6 42. Nf4 exd5 43. exd5 Be5 44. Ne6 Kf6 45. Ng5 Ke7
46. Ne4 Kf7 47. Kg5 Kg7 48. Kg4 Kf7 49. Ng5+ Kg7 50. Nf3 Bf6 51. Ne1 Be5 52.
Nd3 Bf6 53. Nf4 Be5 1/2-1/2

[Event "Lindores Abbey Tal Blitz 2021"]
[Site "Riga"]
[Date "2021.11.08"]
[Round "18.57"]
[White "Buksa, Nataliya"]
[Black "Bivol, Alina"]
[Result "0-1"]
[WhiteElo "2410"]
[BlackElo "2377"]
[Annotator "ChessBase"]
[PlyCount "110"]
[EventDate "2021.11.02"]
[EventType "swiss"]
[EventCountry "LAT"]
[SourceTitle "playchess.com"]
[Source "ChessBase"]
[SourceQuality "1"]

1. d4 Nf6 2. Nc3 d5 3. Bf4 Bf5 4. e3 c5 5. Nf3 Nc6 6. Bd3 Bg6 7. dxc5 a6 8. a3
e6 9. Bxg6 hxg6 10. b4 Nh5 11. O-O Nxf4 12. exf4 Qf6 13. Qd2 Be7 14. Rfe1 Qf5
15. Ne2 Qh5 16. h3 Rd8 17. Rad1 Bf6 18. Ng3 Qh6 19. Ne5 Nxe5 20. fxe5 Bg5 21.
Qd3 Bf4 22. b5 g5 23. Qe2 Qh4 24. Nf1 axb5 25. Qxb5+ Rd7 26. c6 bxc6 27. Qxc6
g4 28. Rb1 Qd8 29. hxg4 O-O 30. g3 Bh6 31. Rb7 Rxb7 32. Qxb7 Qa5 33. Rb1 Qxa3
34. Qc7 Bg5 35. Rb8 Be7 36. Rxf8+ Bxf8 37. Kg2 Qb4 38. Ne3 Qe4+ 39. Kg1 Qb4 40.
g5 g6 41. c4 d4 42. Ng4 Qb1+ 43. Kh2 Qf5 44. Nf6+ Kg7 45. Kg1 Qxg5 46. Ne8+ Kg8
47. Nf6+ Kg7 48. Kg2 d3 49. Ne8+ Kg8 50. Nf6+ Kg7 51. Ne8+ Kh6 52. Qxf7 Qf5 53.
Qxf5 gxf5 54. Kf3 Bc5 55. Nf6 Kg5 0-1

[Event "Lindores Abbey Tal Blitz 2021"]
[Site "Riga"]
[Date "2021.11.08"]
[Round "18.58"]
[White "Atalik, Ekaterina"]
[Black "Arakhamia-Grant, Ketevan"]
[Result "1-0"]
[WhiteElo "2430"]
[BlackElo "2362"]
[Annotator "ChessBase"]
[PlyCount "73"]
[EventDate "2021.11.02"]
[EventType "swiss"]
[EventCountry "LAT"]
[SourceTitle "playchess.com"]
[Source "ChessBase"]
[SourceQuality "1"]

1. Nf3 Nf6 2. d4 g6 3. g3 Bg7 4. Bg2 O-O 5. c4 d6 6. O-O Nc6 7. d5 Na5 8. Na3
c5 9. Ne1 a6 10. Nd3 Bf5 11. f3 Rc8 12. e4 Bd7 13. e5 Ne8 14. Bf4 b5 15. b3 g5
16. Bxg5 dxe5 17. Qe2 Nd6 18. Rac1 bxc4 19. Nxc4 Naxc4 20. bxc4 Nf5 21. Bd2 Nd4
22. Qe1 Qc7 23. f4 Bg4 24. Rf2 exf4 25. Bxf4 Qa7 26. Be5 f6 27. Bxd4 cxd4 28.
c5 Bh5 29. Kh1 Bh6 30. Rcc2 Be3 31. Rf1 Bg6 32. Qe2 Bxd3 33. Qxd3 Rxc5 34. Rxc5
Qxc5 35. Qf5 Rf7 36. Rb1 Qc7 37. Be4 1-0

[Event "Lindores Abbey Tal Blitz 2021"]
[Site "Riga"]
[Date "2021.11.08"]
[Round "18.59"]
[White "Golsta, Madara"]
[Black "Rogule, Laura"]
[Result "1-0"]
[WhiteElo "2003"]
[BlackElo "2289"]
[Annotator "ChessBase"]
[PlyCount "109"]
[EventDate "2021.11.02"]
[EventType "swiss"]
[EventCountry "LAT"]
[SourceTitle "playchess.com"]
[Source "ChessBase"]
[SourceQuality "1"]

1. d4 d5 2. c4 e6 3. Nc3 Nf6 4. cxd5 exd5 5. Bg5 c6 6. e3 Be7 7. Bd3 Nbd7 8.
Nge2 O-O 9. Qc2 Re8 10. h3 Nf8 11. O-O-O b5 12. g4 a5 13. Ng3 a4 14. Kb1 Be6
15. f4 Qa5 16. Bxf6 Bxf6 17. g5 Bd8 18. Rhg1 b4 19. Nce2 b3 20. Qc1 a3 21. bxa3
bxa2+ 22. Kxa2 Bd7 23. Qc3 Rxe3 24. Bxh7+ Nxh7 25. Qxe3 c5 26. dxc5 Bb5 27. Nd4
Bc4+ 28. Kb2 Qxc5 29. g6 Rb8+ 30. Ka1 Nf6 31. gxf7+ Kxf7 32. Qe6+ Kf8 33. Qe3
Rb6 34. Ne6+ Rxe6 35. Qxc5+ Be7 36. Qc8+ Kf7 37. f5 Re3 38. Nh5 Rxa3+ 39. Kb2
Ra2+ 40. Kc3 Nxh5 41. Qe6+ Kf8 42. Qc8+ Kf7 43. Qe6+ Kf8 44. Qg6 Bf6+ 45. Kb4
Rb2+ 46. Kc5 Nf4 47. Qh7 Rb5+ 48. Kc6 Rb3 49. Qh8+ Kf7 50. Rge1 Bb5+ 51. Kc7
Rc3+ 52. Kb6 Bd7 53. Qa8 Rb3+ 54. Kc7 Bxf5 55. Qe8# 1-0